MARC

LEADER 00000nam0a2200000 4500
001 365818
005 20231102011824.0
035 |a (RuTPU)RU\TPU\retro\23181 
090 |a 365818 
100 |a 20220121d1979 km y0rusy50 ca 
101 0 |a rus 
102 |a RU 
105 |a a z 001zy 
200 1 |a Изменение гидрогеологических условий под влиянием мелиорации  |f Ю. Г. Богомолов, В. Ф. Жабин, В. Х. Хачатурьян 
210 |a Москва  |c Наука  |d 1980 
215 |a 164 с.  |c ил. 
225 1 |a Результаты исследований по международным геофизическим проектам 
320 |a Библиогр.: с. 157-162 
606 1 |a Гидромелиорация  |2 stltpush  |3 (RuTPU)RU\TPU\subj\38662  |9 59035 
610 1 |a гидрогеологические условия 
610 1 |a мелиорация 
610 1 |a влияние 
610 1 |a аэрация 
610 1 |a фильтрационное опробование 
610 1 |a солеперенос 
610 1 |a обратные задачи 
675 |a 626.8  |v 4 
700 1 |a Богомолов  |b Ю. Г.  |g Юрий Герасимович 
701 1 |a Жабин  |b В. Ф.  |g Виктор Федорович 
701 1 |a Хачатурьян  |b В. Х.  |g Вадим Хацкович 
801 1 |a RU  |b 63413507  |c 20220121 
801 2 |a RU  |b 63413507  |c 20230228  |g RCR 
942 |c BK